| 000 | 00356nam a22001577a 4500 | ||
|---|---|---|---|
| 020 | _a8185971811 | ||
| 082 |
_a634.1 _bBOS/FR |
||
| 245 | _aFruits: Tropical and subtropical, Vol.1 | ||
| 250 | _a3rd rev ed | ||
| 260 |
_aCalcutta _bNaya Udyog _c2001 |
||
| 300 | _a721 | ||
| 700 | _aBose, T.K | ||
| 700 | _aMitra, S.K | ||
| 700 | _aSanyal, D | ||
| 942 | _cBK | ||
| 999 |
_c13687 _d13687 |
||